000 00572nam a2200205Ia 4500
005 20250508164736.0
008 008 250505s9999 xx 000 0 hin d
020 _a81-7824-263-X
037 _aTextual
040 _aFEDL
_beng
_cFEDL
041 _ahin
_2eng
084 _a305.4, POO
_qFEDL
100 _aPoonam Kumari
_9539729
245 0 _aStri Chetna aur Meera ka kavya
260 _aNew Delhi, India
_bAnamika Publisher and Distributors
_c2009
300 _a158p.
365 _aINR
_b300
942 _cTEXL
_h305.4, POO
999 _c1390857
_d1390857